Basic electrical and electronics engineering-II : (Record no. 60922)
[ view plain ]
| 000 -LEADER | |
|---|---|
| fixed length control field | 01138nam a22002777a 4500 |
| 005 - DATE AND TIME OF LATEST TRANSACTION | |
| control field | 2012011605265.0 |
| 008 - FIXED-LENGTH DATA ELEMENTS--GENERAL INFORMATION | |
| fixed length control field | 120116t xxu||||| |||| 00| 0 eng d |
| 010 ## - LCCN (DPL NO) | |
| LC control number | ENG-104726 |
| 020 ## - INTERNATIONAL STANDARD BOOK NUMBER | |
| International Standard Book Number | 9781259003233 |
| Terms of availability | 310.00 |
| 020 ## - INTERNATIONAL STANDARD BOOK NUMBER | |
| International Standard Book Number | 125900323x |
| Terms of availability | 310.00 |
| 035 ## - SYSTEM CONTROL NUMBER | |
| System control number | EN-88259 |
| 037 ## - SOURCE OF ACQUISITION | |
| Source of stock number/acquisition | DBAD/PUB |
| 040 ## - CATALOGING SOURCE | |
| Original cataloging agency | dpl |
| Language of cataloging | Eng |
| 082 ## - DEWEY DECIMAL CLASSIFICATION NUMBER | |
| Classification number | 621.3 |
| 100 ## - MAIN ENTRY--PERSONAL NAME | |
| Personal name | Chakrabarti, Abhijit |
| 9 (RLIN) | 12973 |
| 245 ## - TITLE STATEMENT | |
| Title | Basic electrical and electronics engineering-II : |
| Statement of responsibility, etc | by Abhijit Chakrabarti, Sudipta Nath [and] Soumitra Kumar Mandal |
| Remainder of title | WBUT-2011-12 / |
| 250 ## - EDITION STATEMENT | |
| Edition statement | 2nd ed |
| 260 ## - PUBLICATION, DISTRIBUTION, ETC. (IMPRINT) | |
| Place of publication, distribution, etc | New Delhi |
| Name of publisher, distributor, etc | Tata McGraw-Hill |
| Date of publication, distribution, etc | 2012 |
| 270 ## - ADDRESS | |
| Address | 7, West Patel Nagar |
| City | New Delhi |
| Postal code | 110008 |
| 300 ## - PHYSICAL DESCRIPTION | |
| Extent | Various pagings |
| Dimensions | 23cm (pbk) |
| 505 ## - FORMATTED CONTENTS NOTE | |
| Formatted contents note | Pt.1-electrical engineering-II by Abhijit Chakrabarti [and] Sudipta Nath ; Pt.2-electronics engineering-II by Soumitra Kumar Mandal |
| 700 ## - ADDED ENTRY--PERSONAL NAME | |
| Personal name | Nath, Sudipta |
| 9 (RLIN) | 1057 |
| 700 ## - ADDED ENTRY--PERSONAL NAME | |
| Personal name | Mandal, Soumitra Kumar |
| 9 (RLIN) | 39212 |
| 942 ## - ADDED ENTRY ELEMENTS (KOHA) | |
| Source of classification or shelving scheme | Dewey Decimal Classification |
| Item type | English Books |
| Call number suffix | CHA |
| Classification part | 621.3 |
| Withdrawn status | Lost status | Source of classification or shelving scheme | Damaged status | Not for loan | Collection code | Home library | Current library | Date acquired | Source of acquisition | Cost, normal purchase price | Total Checkouts | Full call number | Barcode | Date last seen | Copy number | Cost, replacement price | Koha item type |
|---|---|---|---|---|---|---|---|---|---|---|---|---|---|---|---|---|---|
| Dewey Decimal Classification | Not For Loan | Non-fiction | D.B.Act.Division | D.B.Act.Division | 16/01/2012 | DBAD/PUB | 310.00 | 621.3 CHA | EN-88259 | 16/01/2012 | 1 | 310.00 | English Books |
